Quiz sul Veneto - Statistics

Statistiche generali
  • Questo quiz è stato fatto 4.428 volte
  • Il punteggio medio è 18 su 24
Statistiche sulle risposte
Definizioni Risposte % Corretto
Capoluogo di Regione Venezia
100%
Regioni confinanti Friuli-Venezia Giulia
97%
Regioni confinanti Lombardia
97%
Regioni confinanti Trentino-Alto Adige
97%
Altre Province Verona
96%
Regioni confinanti Emilia-Romagna
94%
Stato estero con cui confina il Veneto Austria
93%
Altre Province Padova
92%
Altre Province Vicenza
89%
Altre Province Treviso
85%
Compositore delle "Quattro Stagioni" Antonio Vivaldi
83%
Altre Province Belluno
83%
Altre Province Rovigo
83%
Cittadina conosciuta per il suo Altopiano e un gustoso formaggio Asiago
76%
Tipico dolce natalizio che si guarnisce con zucchero a velo vanigliato Pandoro
75%
Nome con cui era nota la Repubblica Veneta Serenissima
70%
Località sciistica che ospitò le Olimpiadi del 1956 Cortina d'Ampezzo
69%
Esploratore ed autore del "Milione" Marco Polo
68%
Famoso ponte del capoluogo sul Canal Grande Ponte di {Rialto}
66%
Giotto la decorò con un importante ciclo di affreschi {Cappella} degli {Scrovegni}
48%
Località dove si svolse la battaglia decisiva della Prima Guerra Mondiale Vittorio Veneto
38%
Cittadina dove si svolge una partita di scacchi in maschera Marostica
33%
Personaggio di una tragedia di Shakespeare detto "il Moro" Otello
28%
Altro nome del Lago di Garda Benaco
22%
Nessun quiz corrispondente trovato
Distribuzione punteggi
Percentuale di utenti per punteggio
Percentile per numero di risposta
I tuoi punteggi nel tempo
Non hai fatto questo quiz